|
|
|
|
| LEADER |
00950nam a2200253 a 4500 |
| 001 |
28456 |
| 008 |
141019r20052004nyua 000 1 eng d |
| 010 |
|
|
|a 2011021505
|
| 020 |
|
|
|a 9780307700889
|
| 040 |
|
|
|a DLC
|c DLC
|d DLC
|d BD-DhAAL
|
| 050 |
0 |
0 |
|a PL248.P34
|b K36513 2011
|
| 082 |
0 |
0 |
|a 894/.3533
|2 22
|
| 100 |
1 |
|
|a Pamuk, Orhan,
|d 1952-
|
| 240 |
1 |
0 |
|a Kar.
|l English
|
| 245 |
1 |
0 |
|a Snow /
|c Orhan Pamuk ; translated by Maureen Freely.
|
| 260 |
|
|
|a New York :
|b Faber and Faber,
|c 2004 [2005]
|
| 300 |
|
|
|a 436 p. :
|b ill. ;
|c 20 cm.
|
| 500 |
|
|
|a "This is a Borzoi book."
|
| 500 |
|
|
|a Translated from the Turkish.
|
| 541 |
|
|
|a 28456
|
| 650 |
|
0 |
|a Fiction
|z Turkish
|
| 700 |
1 |
|
|a Freely, Maureen,
|d 1952-
|
| 999 |
|
|
|c 32958
|d 32958
|
| 952 |
|
|
|0 0
|1 0
|4 0
|6 894_353300000000000_PAM
|7 0
|9 43893
|a BRACUL
|b BRACUL
|c GEN
|d 2014-10-21
|e Friends Book Corner
|g 175.00
|l 3
|m 11
|o 894.3533 PAM
|p 3010028456
|r 2025-06-21
|s 2025-06-18
|t 1
|w 2014-10-21
|y BK
|x Transferred from BIL to BRACUL on 06/06/22
|